[Event "Box Hill op"]
[Site "Box Hill"]
[Date "2019.11.15"]
[Round "4"]
[White "Imberger, Karl"]
[Black "Ilic, Goran1111"]
[Result "0-1"]
[WhiteElo "1190"]
[BlackElo "1568"]
[PlyCount "94"]
[EventDate "2019.10.18"]
[EventType "swiss"]
[EventRounds "9"]
[EventCountry "AUS"]
[SourceTitle "EXT 2021"]
[Source "ChessBase"]
[SourceDate "2020.10.23"]
[SourceVersion "1"]
[SourceVersionDate "2020.10.23"]
[SourceQuality "1"]

1. e4 e5 2. d3 Nf6 3. Bg5 Be7 4. Nf3 Nc6 5. Nc3 h6 6. Bh4 Nxe4 7. Bxe7 Nxc3 8. Bxd8 Nxd1 9. Bxc7 Nxb2 10. Nxe5 0-0 11. Be2 Re8 12. Nf3 Na4 13. Kd2 Nb4 14. c4 Nc6 15. Rhc1 Nc5 16. d4 Ne6 17. Be5 f6 18. Bxf6 gxf6 19. d5 Nf4 20. Bf1 Ne5 21. Nd4 d6 22. g3 Nfg6 23. f4 Nf7 24. f5 Nf8 25. g4 Re4 26. Ne6 Rxg4 27. h3 Rg3 28. Rc3 Rxc3 29. Kxc3 Ng5 30. Nc7 Rb8 31. Ne8 Bxf5 32. Nxf6+ Kf7 33. Ng4 Kg6 34. Re1 Nd7 35. Nf2 Nc5 36. Bg2 b5 37. cxb5 Rxb5 38. h4 Nf7 39. Bf3 Ne5 40. h5+ Kf6 41. Be2 Na4+ 42. Kd2 Rxd5+ 43. Kc1 Rc5+ 44. Kd2 Rc2+ 45. Ke3 Rxa2 46. Rd1 Rxe2+ 47. Kxe2 Nc3+ 0-1